000
00217 a2200097 4500
001
25650
100
_a
Maududi, A
245
_a
Islamic law and constitution
260
_a
_b
Islamic Publisher
_c
090
_c
17344
_d
17344
942
_a
NUST-CAE
_c
M
_c
8163
999
_c
260723
_d
260723